Word Ladder: Metaphysics Quiz Stats

 Plays Quiz Updated Nov 20, 2012

Support Sporcle.
Go Orange.
Score 0/15 Timer 01:30
2 Plays Today
Clue Word % Correct
Ice cream holderCONE
97.6%
Something encryptedCODE
93.6%
Agent ____ BanksCODY
91.9%
____ your own business•MIND•
89.9%
Ore extraction siteMINE
88%
Paul Blart is this kind of copMALL
84%
Meaning of corpus, corps & corpse•BODY•
82.8%
Small body of waterPOND
81.6%
Clue Word % Correct
Bull, ram or rooster e.g.MALE
79.7%
Long hair on the neckMANE
77.4%
Baked cornmealPONE
75.9%
Darth ____MAUL
75.4%
Genre of Marvin Gaye and Aretha Franklin•SOUL•
74.4%
Moon, in GermanMOND
73.5%
First king of IsraelSAUL
72.4%

Today's Daily Dose

You're not logged in!

Compare scores with friends on all Sporcle quizzes.
OR
Log In

From the Vault

Shortest Elements A-Z Blitz

by Flick

If your first guess is Praseodymium, you just might be overthinking it.
Remove Ads.
Support Sporcle.
Get the best of Sporcle when you Go Orange. This ad-free experience offers more features, more stats, and more fun while also helping to support Sporcle. Thank you for becoming a member.

Show Comments

Extras

Top Quizzes Today


Score Distribution

Your Account Isn't Verified!

In order to create a playlist on Sporcle, you need to verify the email address you used during registration. Go to your Sporcle Settings to finish the process.

Report this User

Report this user for behavior that violates our Community Guidelines.

Details: